000
00205nam a2200097Ia 4500
008
240331s9999 xx 000 0 und d
082
_b
CAR
100
_a
Carey, G
245
4
_a
The plague :
_b
notes
942
_c
L
999
_c
3139
_d
3139